000 00766nam a2200229Ia 4500
001 16664
003 GE_BSU
008 181216s||||||||xx |||||||||||||| ||und||
040 _cGE_BSU
080 _a821.353.1-94
100 _aმამულაძე, დავით
245 _aრწმენით განვლილი გზა
245 _bმემუარები
245 _cრედ.: სერგო დუმბაძე, ვლადიმერ მამულაძე
260 _aბათუმი
260 _bაჭარა
260 _c1997
300 _a165 გვ. : სურ. ; 20 სმ
653 _aმემუარები
653 _aრწმენით განვლილი გზა
942 _cBK
999 _c49729
_d49729